La penca : reporte de una investigación /

Bewaard in:
Bibliografische gegevens
Hoofdauteurs: Honey, Martha, Avirgan, Tony
Formaat: Onbekend
Gepubliceerd in: Lima, Perú : Ediciones El gallo Rojo, 1985.
Onderwerpen:
Tags: Voeg label toe
Geen labels, Wees de eerste die dit record labelt!

MARC

LEADER 000000000a22000000004500
001 001509
082 0 4 |a 303.62   |b H772p 
100 1 |a Honey, Martha 
100 1 |a Avirgan, Tony 
245 1 3 |a La penca :   |b reporte de una investigación /   |c Martha Honey, Tony Avirgan. 
260 1 |a Lima, Perú :   |b Ediciones El gallo Rojo,   |c 1985. 
300 |a 131 páginas :   |b ilustraciones 
650 4 |a TERRORISMO 
650 4 |a NICARAGUA 
650 4 |a LA PENCA 
650 4 |a ATENTADOS 
999 |c 8236  |d 8236 
942 |c BK  |h 303.62 H772p  |2 z